| 000 | 00543nam a22001817a 4500 | ||
|---|---|---|---|
| 003 | OSt | ||
| 005 | 20140310182210.0 | ||
| 008 | 130906t xxu||||| |||| 00| 0 eng d | ||
| 050 |
_aTX 750.5 _b.Ar695 2008 |
||
| 082 |
_aHS 641.691 _bAr3 2008 |
||
| 100 |
_aArgyriou, Ellen _916740 |
||
| 245 |
_aChicken meals : _bcomprehensive, step by step cooking / _cEllen Argyriou. |
||
| 260 |
_aAustralia : _bWS Pacific Publication, _cc2008 |
||
| 300 |
_a63 p. ; _bill. col. ; _c21 cm. |
||
| 650 |
_aCookery _xChicken _916741 |
||
| 942 | _2lcc | ||
| 999 |
_c10450 _d10450 |
||